LEADER 01271nam0 22003131i 450 001 UON00385703 005 20231205104549.302 010 $a34-231-2185-8 100 $a20101109d1966 |0itac50 ba 101 $ager 102 $aDE 105 $a|||| 1|||| 200 1 $aˆDie ‰Anwälte der Literatur$fMarcel Reich-Ranicki 205 $aUngekürzte Ausg 210 $aMünchen$cDt. Taschenbuch-Verl.$d1996 215 $a360 p.$d18 cm. 316 $aDono del Prof. Giuseppe Gallo$5IT-UONSI TED5 DTVREI 410 1$1001UON00302203$12001 $aDeutscher Taschenbuch Verlag$1210 $aMünchen$cDeutscher Taschenbuch$v12185 606 $aLetteratura tedesca$xCritica$3UONC058731$2FI 620 $aDE$dMünchen$3UONL003025 676 $a830$cLetteratura tedesca$v21 700 1$aREICH-RANICKI$bMarcel$3UONV113139$0188534 712 $aDeutscher Taschenbuch Verlag$3UONV257272$4650 801 $aIT$bSOL$c20251107$gRICA 899 $aSIBA - SISTEMA BIBLIOTECARIO DI ATENEO$2UONSI 912 $aUON00385703 950 $aSIBA - SISTEMA BIBLIOTECARIO DI ATENEO$dSI TED 5 DTV REI $eSI LO 75436 5 Dono del Prof. Giuseppe Gallo 996 $aAnwälte der Literatur$91353868 997 $aUNIOR